Pohjoismaiden suurimmat kaupungit - Statistics

Yleistilastot
  • Tätä visaa on pelattu 1 250 kertaa
    321 viimeisimmän päivityksen jälkeen
  • Keskiarvotulos 13 / 20
Vastaustilastot
Väkiluku Valtio Kaupunki % Oikein
3 636 365 Suomi Helsinki
100%
2 666 759 Norja Oslo
99%
1 935 619 Ruotsi Tukholma
99%
4 632 340 Tanska Kööpenhamina
97%
10 228 355 Suomi Tampere
95%
9 274 672 Suomi Espoo
89%
17 187 686 Suomi Turku
89%
11 219 400 Suomi Vantaa
89%
7 328 494 Ruotsi Malmö
88%
5 556 640 Ruotsi Göteborg
85%
15 200 486 Suomi Oulu
85%
8 278 556 Norja Bergen
65%
12 214 559 Ruotsi Uppsala
52%
16 190 464 Norja Trondheim
40%
6 340 421 Tanska Aarhus
37%
14 200 563 Tanska Odense
36%
13 211 937 Tanska Aalborg
30%
18 155 817 Ruotsi Linköping
22%
20 146 631 Ruotsi Örebro
14%
19 147 420 Ruotsi Västerås
14%
Ehtoja vastaavia visoja ei löytynyt
Tulosjakauma
Jokaisen tuloksen saaneiden osuus
Persentiili vastausten määrän mukaan
Tuloshistoriasi
Et ole pelannut tätä visaa sen viimeisimmän päivityksen jälkeen